Materia y realidad en Xavier Zubiri.
Guardat en:
| Autor principal: | |
|---|---|
| Format: | Llibre |
| Publicat: |
Valparaíso, Chile:
Ediciones Universitarias de Valparaíso,
2017.
|
| Edició: | 1a. ed |
| Matèries: | |
| Etiquetes: |
Afegir etiqueta
Sense etiquetes, Sigues el primer a etiquetar aquest registre!
|
MARC
| LEADER | 00000cam a2200000 a 4500 | ||
|---|---|---|---|
| 001 | UCC1654 | ||
| 003 | CL-VaPUC | ||
| 005 | 20221004134413.0 | ||
| 008 | 221004t2017 ||||| |||| 00| 0 eng d | ||
| 999 | |c 370053 |d 370051 | ||
| 020 | |a 978-956-17-0717-7 | ||
| 040 | |c Pontificia Universidad Católica de Valparaíso | ||
| 082 | 0 | 4 | |a 128.1 VAR 2017 |2 21 |
| 100 | 0 | |a Vargas Abarzúa, Esteban Andrés |e autor |9 595692 | |
| 245 | 1 | 0 | |a Materia y realidad en Xavier Zubiri. |
| 250 | |a 1a. ed | ||
| 260 | |a Valparaíso, Chile: |b Ediciones Universitarias de Valparaíso, |c 2017. | ||
| 300 | |a 214 páginas. | ||
| 500 | |a c.9. Donación Rector saliente Claudio Elortegui, Julio 2022. Sin memo. Ingresado Octubre 2022. | ||
| 583 | |a last modification |c 20190123 12:02:41 |k Rodrigo Vera | ||
| 600 | 0 | 7 | |a Zubiri, Xavier |2 CL-VaPUC |9 216 |
| 650 | 0 | |a Materia |9 265041 | |
| 650 | 0 | |a Filosofía de la religión |9 256017 | |
| 650 | 0 | |a Psicología aplicada |9 270762 | |
| 942 | |c BK |2 ddc | ||
| 945 | |d 20171117 16:06:00 |a dcastane | ||
| 952 | |0 0 |1 0 |3 erb |4 0 |6 128_100000000000000_VAR_2017 |7 0 |8 A |9 486336 |a BIBTEO |b BIBTEO |i 5436869 |o 128.1 VAR 2017 |p 5436869 |r 2025-01-17 |w 2019-11-24 |y BK |z Catalogado en:20171117 |k ICR | ||
| 952 | |0 0 |1 0 |3 erb |4 0 |6 128_100000000000000_VAR_2017 |7 0 |8 A |9 486337 |a BIBTEO |b BIBTEO |i 5436850 |o 128.1 VAR 2017 |p 5436850 |r 2025-01-17 |w 2019-11-24 |y BK |z Catalogado en:20171117 |k ICR | ||
| 952 | |0 0 |1 0 |3 erb |4 0 |6 128_100000000000000_VAR_2017 |7 0 |8 A |9 486338 |a BIBTEO |b BIBTEO |i 5436842 |o 128.1 VAR 2017 |p 5436842 |r 2025-01-17 |w 2019-11-24 |y BK |z Catalogado en:20171117 |k ICR | ||
| 952 | |0 0 |1 0 |3 erb |4 0 |6 128_100000000000000_VAR_2017 |7 0 |8 A |9 486339 |a BIBTEO |b BIBTEO |i 5436834 |o 128.1 VAR 2017 |p 5436834 |r 2025-01-17 |w 2019-11-24 |y BK |z Catalogado en:20171117 |k ICR | ||
| 952 | |0 0 |1 0 |3 erb |4 0 |6 128_100000000000000_VAR_2017 |7 0 |8 A |9 486340 |a BIBTEO |b BIBTEO |i 5436826 |o 128.1 VAR 2017 |p 5436826 |r 2025-01-17 |w 2019-11-24 |y BK |z Catalogado en:20171117 |k ICR | ||
| 952 | |0 0 |1 0 |3 erb |4 0 |6 128_100000000000000_VAR_2017 |7 0 |8 A |9 486341 |a BIBEDU |b BIBEDU |i 5438519 |l 5 |o 128.1 VAR 2017 |p 5438519 |r 2020-12-01 |s 2020-08-19 |w 2019-11-24 |y BK |z Catalogado en:20171124 |k FIL | ||
| 952 | |0 0 |1 0 |3 erb |4 0 |6 128_100000000000000_VAR_2017 |7 0 |8 X |9 486342 |a FDOBUD |b FDOBUD |i 5469783 |o 128.1 VAR 2017 |p 5469783 |r 2019-11-24 |w 2019-11-24 |y BK_X |z Catalogado en:20180927 |k FHP | ||
| 952 | |0 0 |1 0 |3 erb |4 0 |6 128_100000000000000_VAR_2017 |7 0 |8 A |9 486343 |a BIBHIS |b BIBHIS |i 5530822 |o 128.1 VAR 2017 |p 5530822 |r 2025-01-20 |w 2019-11-24 |y BK |z Catalogado en:20190125 |k HIS | ||
| 952 | |0 0 |1 0 |2 ddc |4 0 |6 128_100000000000000_VAR_2017 |7 0 |8 A |9 587063 |a BIBEDU |b BIBEDU |c GEN |d 2022-10-04 |e Donación |i 5655003 |o 128.1 VAR 2017 |p 5655003 |r 2022-10-04 |t 9 |w 2022-10-04 |y BK |k FIL | ||